Putta devara hadu (Record no. 241433)

MARC details
000 -LEADER
fixed length control field 00634nam a2200205 4500
005 - DATE AND TIME OF LATEST TRANSACTION
control field 20260514150256.0
008 - FIXED-LENGTH DATA ELEMENTS--GENERAL INFORMATION
fixed length control field 260514b |||||||| |||| 00| 0 eng d
040 ## - CATALOGING SOURCE
Transcribing agency AL
041 ## - LANGUAGE CODE
Language code of text/sound track or separate title kan
082 ## - DEWEY DECIMAL CLASSIFICATION NUMBER
Classification number K894.1
Item number CHEP
100 ## - MAIN ENTRY--PERSONAL NAME
Personal name Chethana Someshwar
100 ## - MAIN ENTRY--PERSONAL NAME
9 (RLIN) 263965
100 ## - MAIN ENTRY--PERSONAL NAME
Dates associated with a name ಚೇತನ ಸೋಮೇಶ್ವರ
9 (RLIN) 263963
245 ## - TITLE STATEMENT
Title Putta devara hadu
Remainder of title : ಪುಟ್ಟ ದೇವರ ಹಾಡು
260 ## - PUBLICATION, DISTRIBUTION, ETC.
Place of publication, distribution, etc. Mangaluru
Name of publisher, distributor, etc. Prakrati Prakashana
Date of publication, distribution, etc. 2010
300 ## - PHYSICAL DESCRIPTION
Extent viii,72p
Other physical details PB
Dimensions 23x12cm
365 ## - TRADE PRICE
Source of price type code Kannada
Currency code
Unit of pricing ₹40.00
Price effective from 04-03-2026
520 ## - SUMMARY, ETC.
Summary, etc. Kavanagala sangraha
650 ## - SUBJECT ADDED ENTRY--TOPICAL TERM
Topical term or geographic name entry element Kannda Poetry
9 (RLIN) 263964
942 ## - ADDED ENTRY ELEMENTS (KOHA)
Source of classification or shelving scheme Dewey Decimal Classification
Koha item type Donated Books
Holdings
Withdrawn status Lost status Source of classification or shelving scheme Damaged status Not for loan Collection code Home library Current library Date acquired Cost, normal purchase price Total Checkouts Full call number Barcode Date last seen Cost, replacement price Price effective from Koha item type
    Dewey Decimal Classification     Kannada St Aloysius Library St Aloysius Library 03/04/2026 40.00   K894.1 CHEP D06388 05/14/2026 40.00 03/04/2026 Donated Books